[Event "CAN-ch U14"]
[Site "Victoria"]
[Date "2009.07.23"]
[Round "6"]
[White "Goodwin, William"]
[Black "Lam, Kenneth"]
[Result "1-0"]
[WhiteElo "1028"]
[BlackElo "916"]
[PlyCount "47"]
[EventDate "2009.07.21"]
[EventType "swiss"]
[EventRounds "8"]
[EventCountry "CAN"]
[SourceTitle "EXT 2011"]
[Source "ChessBase"]
[SourceDate "2010.11.26"]
[SourceVersion "1"]
[SourceVersionDate "2010.11.26"]
[SourceQuality "1"]

1. d4 d5 2. Nc3 Nf6 3. Bg5 g6 4. Bxf6 exf6 5. e3 Bg7 6. Bd3 0-0 7. e4 dxe4 8. Bxe4 Re8 9. f3 f5 10. Qe2 fxe4 11. fxe4 Bxd4 12. 0-0-0 Qg5+ 13. Rd2 Bxc3 14. bxc3 Bf5 15. Qb5 Rxe4 16. Nf3 Qg4 17. Rd8+ Kg7 18. Qc5 Qxg2 19. Rh8 Re1+ 20. Kb2 Qxc2+ 21. Ka3 Rxh1 22. Qe5+ f6 23. Qe7+ Kh6 24. Qxh7# 1-0

[Event "CAN-ch U14"]
[Site "Victoria"]
[Date "2009.07.22"]
[Round "3"]
[White "Han, Yifei"]
[Black "Goodwin, William"]
[Result "1-0"]
[WhiteElo "1921"]
[BlackElo "1028"]
[PlyCount "67"]
[EventDate "2009.07.21"]
[EventType "swiss"]
[EventRounds "8"]
[EventCountry "CAN"]
[SourceTitle "EXT 2011"]
[Source "ChessBase"]
[SourceDate "2010.11.26"]
[SourceVersion "1"]
[SourceVersionDate "2010.11.26"]
[SourceQuality "1"]

1. e4 c6 2. d4 e6 3. Nf3 Nf6 4. Bd3 d5 5. e5 Nfd7 6. 0-0 b6 7. c3 Ba6 8. Bxa6 Nxa6 9. Qa4 Nc7 10. Qxc6 f6 11. exf6 gxf6 12. Bf4 Rc8 13. Re1 Na6 14. Qxe6+ Be7 15. Bd6 Rc6 16. Qxe7+ Qxe7 17. Bxe7 Kf7 18. Nbd2 Re6 19. Rxe6 Kxe6 20. Ba3 Re8 21. Re1+ Kf7 22. Rxe8 Kxe8 23. Kf1 Nf8 24. Bxf8 Kxf8 25. Ke2 Nc7 26. Nh4 Ne6 27. g3 Ng5 28. f4 Ne4 29. Nxe4 dxe4 30. Ke3 Kf7 31. Kxe4 Ke6 32. d5+ Kd6 33. Nf5+ Kc5 34. d6 1-0